Managing your first computer : how to perform core tasks and gain knowledge and confidence

Bibliographic Details
Main Authors: Dolman, Carol (Author), Saunders, Marcus (Author)
Format: Book
Published: Hong Kong : Grolier International , c1999
Series:Grolier business library
Subjects:

MARC

LEADER 00000cam a2200000 7i4500
001 0000043821
005 20030923093000.0
008 030617s1999
020 |a 0717285634 
090 0 0 |a HF5548.2   |b .D65 1999 
100 0 |a Dolman, Carol ,   |e author 
245 1 0 |a Managing your first computer :   |b how to perform core tasks and gain knowledge and confidence   |c Carol Dolman, Marcus Saunders 
260 2 |a Hong Kong :   |b Grolier International ,   |c c1999 
300 |a 144 p. :   |b ill. ;   |c 25 cm. 
440 0 0 |a Grolier business library 
504 |a Includes index 
650 0 |a Business   |x Data processing 
650 0 |a Microcomputers 
700 1 |a Saunders, Marcus ,   |e author 
999 |a 1000095535   |b Book   |c OPEN SHELF (30 DAYS)   |e Gong Badak Campus